ბათუმის შოთა რუსთაველის სახელმწიფო უნივერსიტეტის ბიბლიოთეკა

ქართული ლიტერატურის სწავლების თეორია და პრაქტიკა. წ.1 (ბიბ.ჩანაწერი № 43918)

000 -LEADER
fixed length control field 00929nam a2200241Ia 4500
001 - CONTROL NUMBER
control field 10667
003 - CONTROL NUMBER IDENTIFIER
control field GE_BSU
008 - FIXED-LENGTH DATA ELEMENTS--GENERAL INFORMATION
fixed length control field 181216s||||||||xx |||||||||||||| ||und||
020 ## - INTERNATIONAL STANDARD BOOK NUMBER
International Standard Book Number 9789941918902
040 ## - CATALOGING SOURCE
Transcribing agency GE_BSU
080 ## - UNIVERSAL DECIMAL CLASSIFICATION NUMBER
Universal Decimal Classification number 821.353.1(072)
100 ## - MAIN ENTRY--PERSONAL NAME
Personal name ღამბაშიძე,ნინო.
245 ## - TITLE STATEMENT
Title ქართული ლიტერატურის სწავლების თეორია და პრაქტიკა. წ.1
250 ## - EDITION STATEMENT
Edition statement მე–2 გამოცემა.
260 ## - PUBLICATION, DISTRIBUTION, ETC.
Place of publication, distribution, etc. თბილისი.
260 ## - PUBLICATION, DISTRIBUTION, ETC.
Name of publisher, distributor, etc. არტლაინსი.
260 ## - PUBLICATION, DISTRIBUTION, ETC.
Date of publication, distribution, etc. 2011.
300 ## - PHYSICAL DESCRIPTION
Extent 52გვ;25სმ.
300 ## - PHYSICAL DESCRIPTION
Accompanying material ბიბლიოგრ.რექსტ.შენიშვნ და გვ.49.
653 ## - INDEX TERM--UNCONTROLLED
Uncontrolled term ქართული ლიტერატურის სწავლების თეორია და პრაქტიკა.
942 ## - ADDED ENTRY ELEMENTS (KOHA)
Koha item type წიგნი
ეგზემპლარები
Withdrawn status Lost status Damaged status Not for loan Date acquired Barcode Date last seen Price effective from Koha item type
        2018-12-17 34805 2018-12-17 2018-12-17 წიგნი
        2018-12-17 34806 2018-12-17 2018-12-17 წიგნი
        2018-12-17 34807 2018-12-17 2018-12-17 წიგნი
        2018-12-17 34808 2018-12-17 2018-12-17 წიგნი
        2018-12-17 34809 2018-12-17 2018-12-17 წიგნი
        2018-12-17 34810 2018-12-17 2018-12-17 წიგნი
        2018-12-17 34811 2018-12-17 2018-12-17 წიგნი
        2018-12-17 34812 2018-12-17 2018-12-17 წიგნი
        2018-12-17 34813 2018-12-17 2018-12-17 წიგნი
        2018-12-17 34814 2018-12-17 2018-12-17 წიგნი
        2018-12-17 47863-12ლ.30თ. 2018-12-17 2018-12-17 წიგნი
        2018-12-17 47864-12ლ.30თ. 2018-12-17 2018-12-17 წიგნი
        2018-12-17 47865-12ლ.30თ. 2018-12-17 2018-12-17 წიგნი
        2018-12-17 47866-12ლ.30თ. 2018-12-17 2018-12-17 წიგნი
        2018-12-17 47867-12ლ.30თ. 2018-12-17 2018-12-17 წიგნი
        2018-12-17 47868-12ლ.30თ. 2018-12-17 2018-12-17 წიგნი
        2018-12-17 47869-12ლ.30თ. 2018-12-17 2018-12-17 წიგნი
        2018-12-17 47870-12ლ.30თ. 2018-12-17 2018-12-17 წიგნი
        2018-12-17 47871-12ლ.30თ. 2018-12-17 2018-12-17 წიგნი
        2018-12-17 47872-12ლ.30თ. 2018-12-17 2018-12-17 წიგნი